00668nam a22001697a 4500008004100000040005500041080001800096100002500114245009000139260004600229300001600275650002100291653001500312942001200327999001700339952014200356230329b |||||||| |||| 00| 0 eng d aNational Science LibrarycNational Science Library aD 681.324bP6 aValade, Janet 95686 aPHP & MySQL: bYour visual blueprint for creating dynamic, database-driven web sites  aIndiana: bWiley Publishing Inc., c2006  axii, 307p.  aDatabase-driven  aWeb sites  2udccBK c16298d16298 00102udc406D_681324_P670924199aNSLbNSLcGF/Rk-4/C-14/R-2d2008-03-04l0oD 681.324 P6p250051r2023-03-29 00:00:00w2008-03-04yBK